Lessico famigliare /

Gespeichert in:
Bibliographische Detailangaben
1. Verfasser: Ginzburg, Natalia (Verfasst von)
Format: Buch
Sprache:Italienisch
Veröffentlicht: Milano : Club degli editori, stampa 1989
Schriftenreihe:I grandi premi letterari italiani: i premi Strega ; 63
Tags: Tag hinzufügen
Keine Tags, Fügen Sie das erste Tag hinzu!

MARC

LEADER 00000nam a22000007i 4500
001 IT\ICCU\UM1\0176295
003 ItRI
005 20241231151659.0
008 170825s1989 it |||||| |||||1|||||c
040 |b ita  |c ARCIGAY RIMINI 
041 7 |a ita  |2 ISO-639-2 
100 1 |a Ginzburg, Natalia  |0 IT\ICCU\CFIV\000315  |4 aut 
245 1 0 |a Lessico famigliare /  |c Natalia Ginzburg. 
260 |a Milano :  |b Club degli editori,  |c stampa 1989 
300 |a XVII, 210 p. ;  |c 21 cm 
500 |a In testa al front. Premio Strega 1963. 
830 2 |a I grandi premi letterari italiani: i premi Strega ;  |v 63  |0 IT\ICCU\VIA\0003718 
942 |2 ddc  |c BK 
952 |0 0  |1 0  |2 ddc  |4 0  |6 853_914000000000000_GIN_LES  |7 1  |9 2610  |a RN  |b RN  |d 2024-12-31  |l 0  |o 853.914 GIN LES  |p 10049  |r 2024-12-31 15:17:26  |w 2024-12-31  |y BK 
981 1 |6 z01  |a i   |b xxxe  
982 1 |6 z01  |a n 
999 |c 2262  |d 2262